000 00420nam a22001697a 4500
005 20180808120243.0
008 160511b xxu||||| |||| 00| 0 eng d
020 _a0-07-053079-3
041 _aeng
082 _b1254
_a658.3
100 _aBernardin, John H.
_94717
245 _aHuman resource management
260 _aNew Delhi
_bTata MC Graw Hill,
_c2004
300 _a630p,
650 _aManagement
_9241
942 _cBK
999 _c526
_d526